1928 1360 1031 1767 1839 1543 1614 1271 1394 1409 1834 1253 1876 1615 1485 1637 1781 1305 1392 1903 1364 1250 1790 1251 1303 1770 1529 1942 1857 1859 1326 1755 1492 1920 1130 1116 1267 1473 1889 1241 1385 1328 1034 1318 1826 1232 1674 1259 1045 1050 1000 1671 1534 1324 1868 1614 1578 1166 1211 1502 1663 1190 1721 1502 1629 1943 1719 1897 1758 1675 1788 1878 1229 1977 1529 1479 1213 1527 1118 1701 1581 1375 1258 1552 1493 1640 1514 1646 1562 1184 1101 1281 1332 1248 1837 1196 1594 1717 1844 BCNSPRNW ULIB Ver.6.0+V

เปลี่ยนเป็นภาษาไทย

Change to English
 แสดงรายละเอียดบรรณานุกรม
  กลับหน้าหลัก

Brief Record : Get Marc (ISO 2709) : E-mail record : QR code < ปิดหน้าต่าง
LEADER : 00000nam 2200000uu 4500
001    13399124010
003     ULIB
008    141223s2556||||th 000 0 tha d
020    ^a9786162921643
060    ^aWB305^bธ676อ
100 0  ^aธีระวุฒิ ปัญญา
245 10 ^a3 ศาสตร์ ขจัดโรคออฟฟิศซินโดรม=^bBeat office syndrome with 3 alternative therapies./^cธีระวุฒิ ปัญญา
246 0  ^aBeat office syndrome with 3 alternative therapies
250    ^aพิมพ์ครั้งที่ 1.
260    ^aกรุงเทพฯ :^bฐานบัณฑิต,^c2556.
300    ^a127 หน้า :^bภาพประกอบ
650  7 ^aการนวดสรีระ
650  7 ^aกายภาพบำบัด
650  7 ^aกัวซา
945    ^p135^l0^i037659
945    ^p135^l0^i037660
945    ^p135^l0^i037661
999    ^aเกษร โพธิ์สุวรรณ
รายการนี้ยังไม่มีแท็ก
คุณยังไม่ได้ล็อกอิน คุณสามารถมีกิจกรรมร่วมกับเว็บไซต์ได้ แต่ต้องล็อกอินก่อน ::
  ล็อกอิน

รายการสื่อสารสนเทศ

ลำดับที่ ประเภท เลขเรียก/บาร์โค้ด สถานที่ สถานะ
1. วิทยาศาสตร์การแพทย์ และสุขภาพ
หนังสือสำรอง
สถานะ=หนังสือสำรอง
WB305 ธ676อ ฉ.1 
  Barcode: 037659
ห้องสมุดวิทยาเขตสวรรค์ประชารักษ์
►ส่วนจัดเก็บหนังสือเก่า สปร
บนชั้น
  ขอยืม
2. วิทยาศาสตร์การแพทย์ และสุขภาพ
วิทยาศาสตร์การแพทย์ และสุขภาพ
WB305 ธ676อ ฉ.2 
  Barcode: 037660
ห้องสมุดวิทยาเขตสวรรค์ประชารักษ์
►ส่วนจัดเก็บหนังสือเก่า สปร
บนชั้น
  ขอยืม
3. วิทยาศาสตร์การแพทย์ และสุขภาพ
วิทยาศาสตร์การแพทย์ และสุขภาพ
WB305 ธ676อ ฉ.3 
  Barcode: 037661
ห้องสมุดวิทยาเขตสวรรค์ประชารักษ์
►ส่วนจัดเก็บหนังสือเก่า สปร
บนชั้น
  ขอยืม

รายการใกล้เคียง
    ผู้แต่ง [ธีระวุฒิ ปัญญา]

    หัวเรื่อง [การนวดสรีระ]
    หัวเรื่อง [กายภาพบำบัด]
    หัวเรื่อง [กัวซา]

BibComment


ยังไม่เคยถูกคอมเมนท์

คอมเมนท์ทรัพยากรรายการนี้
  คอมเมนท์: 3 ศาสตร์ ขจัดโรค..


 Copyright 2026. Bcnsprnw @Library